01435nam a22001577a 4500008004100000020001800041050002100059100001800080245007100098250001200169260005500181300003600236500003300272505095500305700001701260190829b xxu||||| |||| 00| 0 eng d a9781408032299 aHF3881.M2765(2e) aMadura, Jeff. aInternational financial management. /cJeff Madura and Roland Fox. a2nd ed. aAndover :bSouth-Western/ Cengage Learning,c2011. axxiii, 680 p. :bill. ;c26 cm. aIncludes appendix and index. aContents: Part I: The international financial environment: Multinational financial management: an overview -- International flow of funds -- International financial markets -- Exchange rate determination -- Currency derivatives -- Part II: Exchange rate behaviour: Exchange rate history and the role of governments: Intermational arbitrage and interest rate parity -- Relationships among inflation, interest rates and exchange rates -- Part III: Exchange rate risk management: Forecasting exchange rates -- Measuring exposure to exchange rate fluctuations -- Managing transaction exposure -- Managing economic exposure and translation exposure -- Part IV: Long-term asset and liability management: Foreign direct investment -- Multinational capital budgeting -- Country risk analysis -- Long-term financial -- Part V: Short-term asset and liability management -- Financial international trade -- Short-term financing -- International cash management. aFox, Roland.